[Event "Hoogovens"]
[Site "Wijk aan Zee"]
[Date "1984.01.26"]
[Round "11"]
[White "Beliavsky, Alexander G"]
[Black "Kortschnoj, Viktor Lvovich"]
[Result "1/2-1/2"]
[WhiteElo "2565"]
[BlackElo "2635"]
[Annotator "Bulletin"]
[PlyCount "89"]
[EventDate "1984.01.13"]
[EventType "tourn"]
[EventRounds "13"]
[EventCountry "NED"]
[EventCategory "13"]
[SourceTitle "MCL"]
[Source "ChessBase"]
[SourceDate "1999.07.01"]
[SourceVersion "1"]
[SourceVersionDate "1999.07.01"]
[SourceQuality "1"]

1. d4 Nf6 2. c4 e6 3. Nc3 Bb4 4. e3 O-O 5. Bd3 c5 6. Nf3 d5 7. O-O Nc6 8. a3
Bxc3 9. bxc3 Qc7 10. Qc2 dxc4 11. Bxc4 e5 12. Bd3 Re8 13. dxe5 Nxe5 14. Nxe5
Qxe5 15. f3 Bd7 16. a4 Rad8 17. e4 Bc6 18. Bc4 Rd7 19. Re1 Red8 20. Be3 h6 21.
a5 Nh5 22. Qc1 g5 23. Qa3 b6 24. axb6 axb6 25. Qb3 $16 b5 26. Bxb5 Bxb5 27.
Qxb5 Nf4 28. Qc4 Qe6 29. Qxe6 Nxe6 30. Ra4 (30. Ra5 $1 $16) 30... Rd3 31. Rc4
Rb8 32. h4 Rb2 33. hxg5 hxg5 34. e5 Kh7 35. Rg4 Kh6 36. c4 Rc2 37. Kh2 Kh5 38.
Kg3 Kg6 39. Bxg5 Nxg5 40. Kh4 Rd4 41. f4 Rxg2 42. Rxg2 Rxf4+ 43. Rg4 Kf5 44.
Rxf4+ Kxf4 45. Kh5 1/2-1/2

[Event "POL-ch 68th"]
[Site "Warsaw"]
[Date "2011.02.15"]
[Round "4"]
[White "Kanarek, Marcel"]
[Black "Swiercz, Dariusz"]
[Result "0-1"]
[WhiteElo "2405"]
[BlackElo "2540"]
[Annotator "CB"]
[PlyCount "58"]
[EventDate "2011.02.12"]
[EventType "swiss"]
[EventRounds "9"]
[EventCountry "POL"]
[SourceTitle "CBM 140 Extra"]
[Source "ChessBase"]
[SourceDate "2011.03.01"]
[SourceVersion "1"]
[SourceVersionDate "2011.03.01"]
[SourceQuality "1"]

{Ad-hoc comments by Dariusz Swiercz} 1. d4 Nf6 2. c4 e6 3. Nc3 Bb4 4. e3 O-O 5.
Bd3 d5 6. Nf3 c5 7. O-O Nc6 8. a3 Bxc3 9. bxc3 Qc7 10. h3 dxc4 11. Bxc4 e5 12.
Ba2 e4 13. Nd2 ({Another option is} 13. Nh2 {intending f2-f3, which is
difficult to achieve after the text move, when the e3 pawn is unprotected and
the Bxh3 tactics is in the air. Instead, after 13.Nd2 he wants to play a3-a4
and then Bc1-a3. As for me, I am going to exchange white colour bishops by Re8
and Be6.}) 13... Re8 14. a4 Be6 15. Ba3 cxd4 ({A pawn sacrifice} 15... b6 $5 {
was very interesting. During the game I assessed there would be a good
compensation after e.g.} 16. dxc5 Ne5 {. However, finally I opted for a more
solid 15...cxd4.}) 16. cxd4 {#Important moment. It's clear that the bishops
are going to be exchanged, but if I play 16...Bxa2, I would improve his pieces.
Instead, I opted for} Qd7 {inviting him to improve mine.} 17. Bxe6 {The goal
achieved.} Rxe6 18. Qb3 Nd5 19. Nb1 $6 ({In general it's not a bad idea to
exchange the strong Nd5, but sometimes you do not have time for what you want.
He should have played} 19. Rab1 b6 20. Rfc1 {with equal play. Black has a
stronghold in the centre, which can be further enhanced by Rd8, and a
potential to attack the king through Rg6 or Rh6. White, in turn, can play
through Qb5, Nc4, a4-a5 and, if he is allowed to, Nc4-e5.}) 19... Rg6 (19...
Na5 {intending Rc8 and Nc4 was another reasonable option.}) 20. Kh1 Rh6 21. Nc3
$2 {#} ({White is consistent, but it is not helpful - the text move is losing.
Rybka recommends to admit that the whole Nd2-b1-c3 plan was a failure and play
} 21. Nd2) 21... Nxd4 $3 ({I could have also started with} 21... Rxh3+) 22.
exd4 ({Nice looking mate pictures could result from} 22. Qxd5 Rxh3+ 23. Kg1 ({
if} 23. gxh3 Qxh3+ 24. Kg1 Nf3#) 23... Qxd5 24. Nxd5 Ne2# {mate}) 22... Rxh3+
23. Kg1 ({if} 23. gxh3 {Black are mating after} Qxh3+ 24. Kg1 Nf4 {and Qg2.})
23... Rxc3 {I am two pawns up. The game should be finished quickly.} 24. Qb5
Qxb5 25. axb5 Rb3 26. Rfb1 Rxb1+ 27. Rxb1 f6 28. Rc1 Kf7 29. f3 exf3 0-1

[Event "RUS-ch"]
[Site "Elista"]
[Date "1995.??.??"]
[Round "9"]
[White "Iskusnyh, Sergei"]
[Black "Balashov, Yuri S"]
[Result "0-1"]
[WhiteElo "2430"]
[BlackElo "2490"]
[Annotator "Chekhov,V"]
[PlyCount "94"]
[EventDate "1995.10.??"]
[EventType "swiss"]
[EventRounds "11"]
[EventCountry "RUS"]
[SourceTitle "CBM 050"]
[Source "ChessBase"]
[SourceDate "1996.02.01"]
[SourceVersion "1"]
[SourceVersionDate "1996.02.01"]
[SourceQuality "1"]

1. d4 Nf6 2. c4 e6 3. Nc3 Bb4 4. e3 O-O 5. Bd3 d5 6. Nf3 c5 7. O-O Nc6 8. a3
Bxc3 9. bxc3 dxc4 10. Bxc4 Qc7 11. Bb5 a6 (11... Na5 12. Bd3 Nd7 13. c4 Rd8 14.
Bb2 Nf8 15. dxc5 f6 16. Nd4 a6 17. Bc3 Qxc5 18. Bb4 Qc7 19. Qe1 Nc6 20. Nxc6
Qxc6 21. Qb1 $14 {Portisch,L-Braga,F/Reggio Emilia/1993/1|0/36/}) (11... Bd7 $5
12. a4 Ne7 13. Bxd7 Nxd7 14. e4 Rfd8 15. Bg5 Nf8 16. Qb3 f6 17. Bc1 Nc6 18. Rd1
$14 {Kharitonov,A-Balashov,Y/Moscow/1990/0,5/43/}) (11... b6 $6 12. Re1 Bb7 13.
e4 Ne7 14. Bd3 Nd7 15. g3 Rfd8 16. Bf4 Qc6 17. a4 Nf8 18. h4 $16 {Ivanchuk,
V-Tiviakov,S/Linares/1995/1|0/36/}) 12. Be2 (12. Bxc6 $6 Qxc6 13. Re1 b5 14.
Ne5 Qc7 15. e4 Bb7 16. f3 Rfc8 17. Be3 cxd4 18. cxd4 Nd7 $10 {Speelman,
J-Tiviakov,S/Kropotkin/1995/0,5/24/}) (12. Bd3 $5 e5 13. Qc2 Re8 (13... b5 $6
14. e4 exd4 15. cxd4 c4 16. Be2 Re8 17. d5 Ne5 18. Bb2 Nxf3+ 19. Bxf3 $16 {
Timman,J-Lutz,C/Wijk aan Zee/1995/0,5/121/}) 14. Nxe5 Nxe5 15. dxe5 Qxe5 16. f3
b5 17. Re1 Bb7 18. e4 c4 19. Bf1 Nd5 $10 {Petrosian,T-Averbakh,Y/Portoroz/1958/
0,5/22/}) 12... e5 (12... Rd8 13. Qc2 e5 14. Bb2 Bg4 15. dxe5 Nxe5 16. c4 Nxf3+
17. gxf3 Bh5 18. Rfd1 Qc6 19. e4 $14 {Lautier,J-Schmittdiel,E/Polanica Zdroj/
1991/1|0/54/}) 13. Qc2 (13. Bb2 e4 14. Nd2 Bf5 15. a4 Rfd8 16. Qc2 Rac8 $10 {
Portisch,L-Spassky,B/Mexiko/1980/0,5/33/}) 13... Bg4 (13... e4 $6 14. Nd2 Re8
15. f3 exf3 16. Nxf3 $36) 14. d5 Na5 (14... Nxd5 $2 15. Ng5 Nf6 16. Bxg4 h6 17.
Ne6 $1 fxe6 18. Bxe6+ $16) 15. e4 (15. c4 $6 e4 16. Ne1 Bxe2 17. Qxe2 b5 $36)
15... c4 16. Nh4 $6 (16. Be3 $5 $14) 16... Nb3 17. Ra2 Bxe2 18. Qxe2 Nc5 19. f3
b5 (19... g6 $2 20. Qxc4) 20. Nf5 Ne8 21. Be3 Na4 (21... Nd6 $5) 22. Qe1 Nd6
23. g4 f6 24. Rg2 Nc5 25. Kh1 Nd3 26. Qh4 Qd7 27. Qh3 g6 28. g5 $6 (28. Nh6+ $5
Kh8 29. Qg3 Qg7 30. h4 a5 $132) 28... Nxf5 $1 (28... gxf5 $4 29. gxf6+ Kh8 30.
Rg7 $18) (28... fxg5 $4 29. Nh6+ $18) (28... Kh8 29. gxf6 Rxf6 30. Qh4 Raf8 31.
Bg5 R6f7 32. Ne7 $36) 29. exf5 (29. gxf6 Rxf6 30. exf5 Qxf5 31. Qxf5 Rxf5 $19)
29... Qxf5 30. Qxf5 gxf5 31. gxf6+ Kf7 32. Rg7+ Kxf6 33. Rxh7 Rh8 34. Rb7 f4
$17 35. Bg1 Rad8 36. Ba7 Rhg8 $1 (36... Rxd5 37. Rg1 $132) 37. Rb6+ Kf5 38. d6
Rg6 39. Rxa6 Rdxd6 40. Rxd6 Rxd6 $19 41. Ra1 Ra6 42. Bg1 b4 43. cxb4 c3 44. b5
Ra5 45. b6 c2 46. a4 Rxa4 47. b7 Rb4 0-1

[Event "Khanty-Mansiysk FIDE GP (Women)"]
[Site "Khanty-Mansiysk"]
[Date "2014.04.16"]
[Round "7"]
[White "Batchimeg, Tuvshintugs"]
[Black "Muminova, Nafisa"]
[Result "0-1"]
[WhiteElo "2340"]
[BlackElo "2321"]
[Annotator "ChessBase Website"]
[PlyCount "56"]
[EventDate "2014.04.09"]
[EventType "tourn"]
[EventRounds "11"]
[EventCountry "RUS"]
[EventCategory "10"]
[SourceTitle "CBM 160"]
[Source "ChessBase"]
[SourceDate "2014.05.15"]
[SourceVersion "1"]
[SourceVersionDate "2014.05.15"]
[SourceQuality "1"]
[TimeControl "40/5400+30:1800+30"]
[WhiteClock "1:30:00"]
[BlackClock "1:30:00"]

1. d4 {[%emt 0:00:00]} Nf6 {[%emt 0:00:00]} 2. c4 {[%emt 0:00:00]} e6 {[%emt 0:
00:00]} 3. Nc3 {[%emt 0:00:00]} Bb4 {[%emt 0:00:00]} 4. e3 {[%emt 0:00:01]} O-O
{[%emt 0:00:29]} 5. Bd3 {[%emt 0:00:09]} d5 {[%emt 0:00:10]} 6. a3 {[%emt 0:00:
17]} Bxc3+ {[%emt 0:00:38]} 7. bxc3 {[%emt 0:00:04]} dxc4 {[%emt 0:00:08]} 8.
Bxc4 {[%emt 0:00:09]} c5 {[%emt 0:00:07]} 9. Nf3 {[%emt 0:00:57]} Qc7 {[%emt 0:
00:28]} 10. Ba2 {[%emt 0:01:51]} b6 {[%emt 0:00:21]} 11. O-O {[%emt 0:00:15]}
Nc6 {[%emt 0:06:19]} 12. Bb2 {[%emt 0:13:21]} (12. Re1 e5 13. h3 e4 14. Nd2 Re8
15. Nf1 Ba6 16. c4 Na5 17. dxc5 Rad8 18. Qa4 Qxc5 19. Bb2 Nd7 20. Ng3 Qc6 21.
Qxc6 Nxc6 22. Nf5 {1/2-1/2 (22) Sebenik,M (2527)-Lenic,L (2617) Sentjur 2013})
12... Ba6 {[%emt 0:01:01]} 13. Re1 {[%emt 0:01:13]} Na5 $146 {[%emt 0:00:42]} (
13... Rad8 14. e4 e5 15. d5 Ne7 16. c4 Ng6 17. g3 Bc8 18. Nd2 h5 19. Bb1 h4 20.
Nf1 Qd7 21. Bc1 Qh3 22. Ra2 Rd6 23. Bd3 Nh7 24. Ne3 hxg3 25. fxg3 Ne7 26. Rf2
Nf6 27. Bb2 Nd7 28. Nf5 Nxf5 29. exf5 b5 30. Bxe5 Nxe5 31. Rxe5 bxc4 32. Bxc4
Qh6 33. Qd2 Qf6 34. Qf4 Ba6 35. Rfe2 Qd8 36. Bxa6 Rxa6 37. Qc4 Rxa3 38. Qxc5
Rd3 39. R2e3 Rd2 40. Re2 Rd3 41. Kg2 Rd1 42. f6 gxf6 43. Rh5 {Ibragimov,I 
(2579)-Akopian,V (2660) Kazan 2001 1-0 (65)}) 14. e4 {[%emt 0:15:24]} Bc4 {
[%emt 0:08:09]} 15. Bb1 {[%emt 0:17:03]} Nb3 {[%emt 0:07:40]} 16. e5 {[%emt 0:
01:04]} Nd5 {[%emt 0:01:44]} 17. Nd2 {[%emt 0:02:38]} Nxd2 {[%emt 0:07:49]} 18.
Qxd2 {[%emt 0:01:23]} f5 {[%emt 0:00:31]} 19. exf6 {[%emt 0:05:02]} Rxf6 {
[%emt 0:00:08]} 20. Be4 {[%emt 0:00:47]} Raf8 {[%emt 0:01:30]} 21. f3 {[%emt 0:
00:36]} Rh6 {[%emt 0:04:55]} 22. g3 {[%emt 0:04:40]} Nf6 {[%emt 0:01:20]} 23.
Bd3 {[%emt 0:11:41]} Bd5 {[%emt 0:00:37]} 24. Rf1 $4 {[%emt 0:00:40] The
players essayed a topical variation of the Rubinstein Nimzo-Indian and the
game was approximately equal for a while, both of them trying to do as much as
they could with their strategical advantages. Disaster came for the Mongolian
player when she moved 24.Rf1?? missing the devastating 24...Ng4!! After that
happened the game was basically over.} (24. Re3) 24... Ng4 {[%emt 0:01:08]} 25.
Qg5 {[%emt 0:17:05]} Nxh2 {[%emt 0:01:36]} 26. f4 {[%emt 0:02:01]} Nxf1 {
[%emt 0:01:59]} 27. Rxf1 {[%emt 0:01:46]} Rh1+ {[%emt 0:01:02]} 28. Kf2 {
[%emt 0:00:41]} Rh2+ {[%emt 0:00:30]} 0-1

[Event "Munich SKA"]
[Site "Munich"]
[Date "1994.06.01"]
[Round "10"]
[White "Jussupow, Artur"]
[Black "Beliavsky, Alexander G"]
[Result "0-1"]
[WhiteElo "2665"]
[BlackElo "2650"]
[Annotator "Dautov,R"]
[PlyCount "78"]
[EventDate "1994.05.21"]
[EventType "tourn"]
[EventRounds "11"]
[EventCountry "GER"]
[EventCategory "16"]
[SourceTitle "CBM 042"]
[Source "ChessBase"]
[SourceDate "1994.10.01"]
[SourceVersion "1"]
[SourceVersionDate "1994.10.01"]
[SourceQuality "1"]

1. d4 Nf6 2. c4 e6 3. Nc3 Bb4 4. e3 O-O 5. Bd3 c5 6. Nf3 d5 7. O-O Nc6 8. a3
Bxc3 9. bxc3 dxc4 10. Bxc4 Qc7 11. Bd3 e5 12. Qc2 Re8 13. dxe5 (13. e4 exd4 14.
cxd4 Bg4 15. Qxc5 Bxf3 16. gxf3 Qd7 17. Be3 Nxe4 18. Bxe4 Rxe4 19. fxe4 Qg4+
$10) 13... Nxe5 14. Nxe5 Qxe5 15. f3 Bd7 16. Re1 (16. e4 $2 c4 17. Be2 Nd5 18.
Bxc4 Nxc3 19. Be3 Rac8 20. Qb3 Ba4 21. Bxf7+ Kf8 $17 {Beliavsky}) (16. a4 Rad8
(16... Rac8 17. Re1 Red8 18. e4 Nd5 19. Bd2 Nb6 20. a5 c4 21. axb6 cxd3 22.
Qxd3 Be6 23. Qe3 axb6 24. Reb1 $14 {Yusupov,A-Ivanchuk,V (2)/Brussels m/1991})
17. e4 Bc6 18. Bc4 Rd7 19. Re1 Nd5 $1 20. Bd2 Nf4 21. Rad1 Red8 22. Bxf4 Qxf4
23. Rxd7 Rxd7 24. Bd5 $10 {Beliavsky}) 16... Rad8 (16... Ba4 $1 17. Qb2 (17.
Qxa4 $2 Qxc3 $17) 17... Rad8 $10) 17. a4 Bc6 18. e4 Nd5 $1 19. Bd2 Nf4 20. Bf1
(20. Bb5 $6 Bxb5 21. axb5 Nd3 22. Re2 c4 23. Rxa7 Qxb5 $15) 20... g5 $5 21. Be3
(21. Bb5 Re6) (21. g3 Ng6 22. Bh3 $6 Qf6 23. Bf5 $6 Ne5 24. Rf1 (24. Kg2 $2
Nxf3 25. Kxf3 Qxf5+ $19) 24... Rd3 25. Kg2 Rxf3 $1 $19) 21... h5 22. a5 (22. g3
$6 Ng6 {/\g4,/\Qf6,Ne5}) 22... Re6 (22... g4 $6 23. Qf2 gxf3 24. gxf3 b6 25.
axb6 axb6 26. Bxf4 Qxf4 27. Qg3+ Qxg3+ 28. hxg3 $10) 23. g3 (23. Qf2 $142 $1 b6
24. axb6 axb6 25. Ra6 $13) 23... Ng6 24. Bg2 $6 (24. Bh3 g4 (24... Red6 25. Bf5
{><g5}) 25. fxg4 hxg4 (25... Bxe4 26. Qe2 $13) 26. Bxg4 Qxe4 27. Qxe4 Rxe4 28.
Bf3 Re6 29. Bxc6 Rxc6 $10) 24... h4 {><g3} 25. Qf2 (25. Bh3 Red6 26. Bf5 hxg3
27. Bxg5 f6 28. Be3 Nh4 $17) 25... hxg3 26. hxg3 Red6 $1 {<->d} 27. Rac1 (27.
Bxc5 $2 Rd2 28. Bd4 Rxf2 29. Bxe5 Rdd2 $19) 27... b6 28. axb6 axb6 $15 29. f4 (
29. Rb1 Ba8 $15) 29... gxf4 30. gxf4 Qg7 31. Qg3 Rd3 32. Kf2 $2 (32. Qg5 Re8
33. e5 Bxg2 34. Qxg2 Nh4 35. Qxg7+ Kxg7 36. Kf2 Nf5 $15) 32... Ra8 $1 33. Re2
Ra4 $17 34. Rg1 $2 (34. f5 Ne5 35. Qxg7+ Kxg7 36. Bf4 Kf6 $17) (34. c4 $142)
34... Rxc3 (34... Bxe4 $6 35. Bxe4 Rxe4 36. f5 Qf6 37. Qg5 Rd6 38. Bf4 $13) 35.
Qg5 (35. f5 $2 Ne5 $19) (35. Rd2 $5) 35... Rd3 36. Bf3 Bxe4 $19 37. Bxe4 Rxe4
38. Qf5 $1 (38. f5 Re5 $1 (38... Rd5 39. Rd2 $1 Ree5 40. Qd8+ $3 Rxd8 41. Rxd8+
Nf8 42. Rxg7+ Kxg7 43. f6+ Kxf6 44. Rxf8 $10) 39. Ra2 Rdxe3 40. Qxe3 Qf6 $1 41.
Ra8+ Kg7 $19) 38... Rdxe3 $2 (38... Red4 $1 39. Bxd4 (39. Qc8+ Rd8 40. Qc6 R3d6
$19) 39... Qxd4+ 40. Kf1 Rd1+ $19) 39. Rxe3 $2 (39. Qc8+ $1 Qf8 40. Qxf8+ Kxf8
41. Rxe3 Rxf4+ 42. Rf3 $15) 39... Qb2+ (39... Qb2+ 40. Kf3 Rxe3+ 41. Kxe3 Qd4+
$19) 0-1

[Event "Munich SKA"]
[Site "Munich"]
[Date "1994.05.21"]
[Round "1"]
[White "Gelfand, Boris"]
[Black "Beliavsky, Alexander G"]
[Result "0-1"]
[WhiteElo "2685"]
[BlackElo "2650"]
[Annotator "Dautov,R"]
[PlyCount "118"]
[EventDate "1994.05.21"]
[EventType "tourn"]
[EventRounds "11"]
[EventCountry "GER"]
[EventCategory "16"]
[SourceTitle "CBM 042"]
[Source "ChessBase"]
[SourceDate "1994.10.01"]
[SourceVersion "1"]
[SourceVersionDate "1994.10.01"]
[SourceQuality "1"]

1. d4 Nf6 2. c4 e6 3. Nc3 Bb4 4. e3 c5 5. Bd3 O-O 6. Nf3 d5 7. O-O Nc6 8. a3
Bxc3 9. bxc3 Qc7 10. h3 (10. cxd5 exd5 11. h3 c4 $1 12. Bc2 Ne7 13. a4 Bf5 $10)
10... dxc4 (10... b6 11. cxd5 exd5 12. dxc5 bxc5 13. c4 dxc4 14. Bxc4 Na5 15.
Ba2 Ba6 16. Re1 Bc4 17. Bxc4 Nxc4 18. Qc2 Ne5 19. Nxe5 Qxe5 20. Bb2 Qg5 21.
Bxf6 gxf6 22. Rac1 Rac8 23. Red1 $16 {Ibragimov-Roeder/Bern op/1993}) 11. Bxc4
Rd8 12. Ba2 b6 (12... e5 $2 13. Ng5 Rd7 14. Qc2 cxd4 15. cxd4 exd4 16. Bb2 h6
17. Nf3 d3 18. Qc4 b5 19. Qh4 $16 {Djuric-Rajkovic/JUG/1983}) 13. Re1 (13. Qe2
$5) 13... Bb7 14. e4 Ne7 15. Bb1 {/\Bg5} (15. Qd3 $5 h6 16. Bd2 Rac8 17. Rad1
Ng6 18. g3 cxd4 19. cxd4 Qc2 20. Bb1 Qa4 $132) 15... h6 16. Bd3 (16. e5 $6 Nfd5
17. Qd3 Ng6 $15) 16... Rac8 17. Bd2 (17. Bb2 Nh5 18. Ne5 (18. g3 $6 Nxg3 19.
fxg3 Qxg3+ 20. Kh1 Qxh3+ 21. Nh2 cxd4 22. cxd4 Nf5 23. Qf3 Qh4 $1 24. d5 Rxd5
$1 25. exf5 $6 Rc2 $1 26. Re2 (26. Bxc2 Rd2 $19) 26... Rxd3 27. Qxb7 Rxe2 $19)
18... Nf4 19. Bf1 Nc6 $132) 17... Ng6 18. Qb1 $6 (18. g3 $1 Nh5 19. e5 $5 (19.
Kh2 $14) 19... cxd4 20. cxd4 Bxf3 21. Qxf3 Rxd4 22. Rac1 Qd8 23. Rxc8 Qxc8 24.
Rc1 Qd7 25. Bxg6 fxg6 26. Be3 Rd5 27. g4 Rxe5 28. gxh5 Rxh5 $16) 18... Nh5 (
18... Nf4 19. Bf1 $14 {/\g3}) 19. Be3 (19. Bf1 {>=} Nf6 (19... Nhf4 20. g3 Nh5
21. Kh2) 20. Bd3 Nh5 $10) 19... Nhf4 20. Bf1 cxd4 21. cxd4 f5 $1 22. Nd2 (22.
exf5 exf5 23. Qxf5 Bxf3 24. gxf3 Rd5 25. Qe4 Rf8 26. Rac1 Qd7 $40 {/\} 27. Bc4
Qxh3 28. Bxd5+ Kh8 29. Bxf4 Nh4 $1 $19) 22... fxe4 23. Nxe4 Qf7 24. g3 Nd5 25.
Bg2 (25. Bd2 e5 26. dxe5 Nxe5 27. Ng5 Nf3+ 28. Nxf3 Nc3 $1 29. Ng5 hxg5 30.
Bxc3 Qf3 31. Qb3+ Bd5 $19) 25... e5 26. Qb2 (26. dxe5 {>=} Nxe5 27. f4 Nxe3 (
27... Nd3 $2 28. Qxd3 Nxf4 29. Qxd8+ Rxd8 30. Bxf4 $16) (27... Nc4 28. Bf2 $13)
28. Rxe3 Nc4 29. Re2 $15) 26... Nxe3 27. fxe3 exd4 28. exd4 Bd5 29. Rad1 Ne7
$17 {><d4} 30. Qd2 Nf5 31. Qf2 (31. g4 Nh4 $17) 31... Bb3 32. Rd2 Nxd4 33.
Qxf7+ Bxf7 34. Red1 Bb3 35. Rf1 Nb5 36. Rb2 Bc4 37. Ra1 Nd6 38. Kh2 Nxe4 39.
Bxe4 Rd4 40. Bg6 (40. Re1 $142 $17) 40... Rc6 41. Bh5 Rcd6 42. Rc1 Rd2+ 43.
Rxd2 Rxd2+ 44. Kg1 b5 45. a4 a6 46. axb5 axb5 47. Rb1 Kf8 $19 48. Bf3 (48. Re1
Rd8 49. Kf2 b4 50. Re4 Rc8 51. Bg4 Rc7 52. Bh5 Bf7 53. Bxf7 Rxf7+ 54. Ke2 Re7
$19) 48... Rd6 49. Kf2 Ke7 50. Be4 Re6 51. Kf3 Kd6 52. Rd1+ Kc5 53. Rd7 Rf6+
54. Ke3 Rf7 55. Rd8 (55. Rxf7 Bxf7 56. Kd3 b4 57. Bf5 Bc4+ 58. Kc2 Kd4 59. Kd2
b3 60. Bg6 Bd5 $19 {/\Be4}) 55... Kb4 56. Kd4 Be6 57. Rb8 (57. h4 Rd7+ 58. Rxd7
Bxd7 $19) 57... Bxh3 58. Bd3 Rd7+ 59. Ke3 Rd5 0-1

[Event "Kropotkin"]
[Site "Kropotkin"]
[Date "1995.??.??"]
[Round "4"]
[White "Malaniuk, Vladimir P"]
[Black "Tiviakov, Sergei"]
[Result "1/2-1/2"]
[WhiteElo "2615"]
[BlackElo "2625"]
[Annotator "Dautov,R"]
[PlyCount "60"]
[EventDate "1995.04.??"]
[EventType "tourn"]
[EventRounds "7"]
[EventCountry "RUS"]
[EventCategory "14"]
[SourceTitle "CBM 047"]
[Source "ChessBase"]
[SourceDate "1995.08.01"]
[SourceVersion "1"]
[SourceVersionDate "1995.08.01"]
[SourceQuality "1"]

1. d4 Nf6 2. c4 e6 3. Nc3 Bb4 4. e3 O-O 5. Bd3 d5 6. Nf3 c5 7. O-O Nc6 8. a3
Bxc3 9. bxc3 dxc4 10. Bxc4 Qc7 11. Bb5 a6 12. Be2 (12. Bd3 e5 13. Qc2 Bg4 14.
Nxe5 Nxe5 15. dxe5 Qxe5 16. f3 Be6 17. f4 Qd6 18. Rd1 Qc6 $10 {Lieber-Solt/
corr./1979}) 12... e5 13. Bb2 Rd8 (13... e4 14. Nd2 Bf5 15. a4 $14) 14. Qc2 Bg4
15. dxe5 Nxe5 16. c4 Nxf3+ 17. gxf3 Bh5 18. Rfd1 (18. Bxf6 gxf6 19. Qf5 Qe5 $10
) 18... Nd7 {N} (18... Qc6 19. e4 Ne8 (19... b5 $5) 20. Rd2 f6 21. Rad1 Rxd2
22. Rxd2 Rc8 23. a4 $14 {Lautier,J-Schmittdiel,E/Polanica Zdroj 1991}) 19. Rd2
(19. Rd5 Bg6 20. e4 Nb6 (20... Nf8 21. Rad1 Ne6 22. Be5 $14) 21. Rxd8+ Rxd8 22.
Rd1 Rxd1+ 23. Qxd1 f6 $15) 19... Nf8 20. Rad1 f6 21. Bc3 Bf7 22. f4 Rxd2 23.
Qxd2 Be6 (23... b5 $5 24. Qd6 (24. Bf3 Rb8 25. Ba5 Qa7 $10) (24. cxb5 axb5 25.
Bxb5 Rxa3 $10) 24... Qc8 (24... Qxd6 25. Rxd6 Bxc4 (25... Rb8 26. Rc6 $14) 26.
Bxc4+ bxc4 27. Rc6 Nd7 28. Rc7 Rd8 29. Kf1 $14) 25. Bf3 Rb8 26. cxb5 axb5 27.
Rc1 Ng6 $132) 24. Qd6 (24. a4 $1 a5 (24... Qf7 25. Qd3 $14) (24... Qc6 25. a5
b5 26. axb6 Qxb6 27. Bf3 Ra7 28. Ba5 Qb3 29. Bd5 $14) 25. Qd6 Qf7 26. Qd3 Kh8
27. Qe4 $14) 24... Qf7 25. Qd3 (25. Qxc5 Rc8) (25. Bf3 Bxc4 26. Qxc5 Bb3 27.
Rc1 Rd8 $10) 25... b5 $1 $10 26. cxb5 axb5 27. Qxb5 Qg6+ 28. Kh1 (28. Kf1 $2
Bh3+ 29. Ke1 Qg1+ 30. Kd2 Qxf2 $17) 28... Qe4+ (28... Bd5+ $4 29. Rxd5 Qe4+ 30.
Kg1 Qxd5 31. Bc4 $18) 29. Kg1 Qg6+ 30. Kh1 Qe4+ 1/2-1/2